00578nam a2200217 a 4500001001300000003000900013005001700022008004100039020001000080082001600090100001600106245004200122260003600164300000900200500003500209505001000244650003000254650003000284650003000314700001600344nice12345678IN_TiNIC20260116011518.0050524s1906 bosa grd 000 0 ger  ac10000a433.21bBRE aBreul, Karl aHeath`s German and English Dictionary aBostonbD.C.Heath and Co.c1906 a545p aincludes index and biblioraphy2 aIndex aDictionary-German-English aDictionary-English German aGerman-English-Dictionary1 aBreul, Karl